Statistiques concernant tous les scores de la CDM 2022

Cliquez ici pour prendre le quiz!

Statistiques générales

  • Ce quiz a été pris 123 fois
  • Le résultat moyen est 20 sur 63

Statistiques - réponses

HintRéponse% Correct
pA: Qatar-équateur0-2
86%
pA: Sénégal-Pays bas0-2
60%
1/2: Maroc-France0-2
58%
pA: Qatar-sénégal1-3
58%
pC: Argentine-Arabie saoudite1-2
55%
pD: Tunisie-France1-0
52%
pA: Pays bas-Qatar2-0
51%
pD: France-Danemark2-1
51%
pD: France-Australie4-1
49%
1/4: Angleterre-France1-2
47%
pA: Pays bas-équateur1-1
46%
1/4: Maroc-Portugal1-0
45%
pB: États Unis-Pays de galles1-1
44%
pA: équateur - Sénegal1-2
42%
1/8: France-Pologne3-1
42%
1/2: Croatie-Argentine0-3
41%
pC: Argentine-Mexique2-0
41%
pE: Allemagne-Japon1-2
40%
3eme place: Croatie-Maroc2-1
39%
pC: Pologne-Argentine0-2
36%
pD: Tunisie-Australie0-1
35%
pF: Belgique-Maroc0-2
35%
pB: Angleterre-Iran6-2
35%
pF: Maroc-Croatie0-0
34%
pE: Espagne-Allemagne1-1
34%
pE: Japon-Espagne2-1
34%
pF: Belgique-Canada1-0
33%
pC: Pologne-Arabie saoudite2-0
33%
1/8: Argentine-Australie2-1
33%
pE: Espagne- Costa Rica7-0
33%
pC: Mexique -Pologne0-0
32%
pB: Iran-états unis0-1
32%
pD: Danemark-Tunisie0-0
31%
pB: Angleterre-états unis0-0
31%
pD: Australie-Danemark1-0
29%
pF: Croatie-Belgique0-0
28%
pB: Pays de galles-Iran0-2
28%
pB: Pays de galles-Angleterre0-3
28%
pF: Canada-Maroc1-2
28%
pC: Arabie saoudite-Mexique1-2
28%
pG: Brésil-Serbie2-0
28%
1/8: Angleterre-Sénégal3-0
27%
1/8: Portugal-Suisse6-1
27%
1/8: Pays bas-états unis3-1
26%
pG: Brésil-Suisse1-0
22%
pF: Croatie-Canada4-1
22%
pE: Japon-Costa Rica0-1
21%
pG: Suisse-Cameroun1-0
21%
pG: Cameroun-Serbie3-3
20%
1/8: Brésil-Corée du sud4-1
20%
pH: Uruguay-Corée du sud0-0
16%
pH:Corée du sud-Portugal2-1
16%
pH: Portugal-Uruguay2-0
15%
pH: Portugal-Ghana3-2
15%
pG: Cameroun-Serbie1-0
14%
pG: Serbie-Suisse2-3
14%
pH: Ghana-Uruguay0-2
13%
1/8: Maroc-Espagne0-0(3-0)
11%
pH: Corée du Sud-Ghana2-3
11%
Finale: Argentine-France3-3(4-3)
11%
1/4: Pays bas-Argentine2-2(3-4)
7%
1/4: Croatie-Brésil1-1(4-3)
6%
1/8:Japon-Croatie1-1(1-3)
4%

Distribution des résultats

Percentile par nombre de réponses

% des personnes avec chaque résultat

Votre développement - résultats

Vous n’avez pas pris ce quiz